<?xml version="1.0" encoding="UTF-8"?>
<collection xmlns="http://www.loc.gov/MARC21/slim">
 <record>
  <leader>01358pamaa2200157   4500</leader>
  <controlfield tag="001">0000035034</controlfield>
  <controlfield tag="005">20110107090000.0</controlfield>
  <datafield tag="020" ind1="0" ind2="0">
   <subfield code="a">[nil] </subfield>
  </datafield>
  <datafield tag="090" ind1="0" ind2="0">
   <subfield code="a">HF5429.23.M4 </subfield>
   <subfield code="b">PER 2001</subfield>
  </datafield>
  <datafield tag="245" ind1="0" ind2="0">
   <subfield code="a">PERSIDANGAN francais kebangsaan menilai kejayaan perniagaan anda : </subfield>
   <subfield code="b">sebuah rangka kerja=National conference on mirror your business success:a blueprint.</subfield>
  </datafield>
  <datafield tag="260" ind1="0" ind2="0">
   <subfield code="b">Kuala Lumpur, </subfield>
   <subfield code="c">2001.</subfield>
  </datafield>
  <datafield tag="300" ind1=" " ind2=" ">
   <subfield code="a">various pages (1cm thick).</subfield>
  </datafield>
  <datafield tag="500" ind1="0" ind2="0">
   <subfield code="a">Conference held on 23re August 2001 at PWTC, Kuala Lumpur</subfield>
  </datafield>
  <datafield tag="500" ind1="0" ind2="0">
   <subfield code="a">Contents: Profile; Pembangunan Sektor Francis dalam Ekonomi Malaysia Development of Franchise Sector in the Malaysian Economy by Dato' Abd. Raham Husin. 2. Francis Model Perniagaan Unggul What Makes Franchising a Successful Business Model? by Hoe Chee Hee. 3. Pemahaman dan Perlaksanan Perjanjian Francis Operationlising the Franchise Agreement by Dennis Khoo. 4.Perniagaan Francis: Satu Perkongsian Risiko dan Ganjaran Risk Reward in A Franchise Development Business by Awalan Abdul Aziz. 5. Pelan Perniagaan: Dari Perpektif Institutsi Kewangan Banker's Perspective on Assessment of a Good Business Plan by Dato' Nik Mohd Amin Nik Abdul Majid. 6. Cabaran dan Peluang Dalam Perlaksanaan Akta francais 1998 Needs and Implications on The Franchisor and Franchiser by Nik Serene Nik Hashim</subfield>
  </datafield>
  <datafield tag="650" ind1="0" ind2="0">
   <subfield code="a">Business -- </subfield>
   <subfield code="x">Franchise -- </subfield>
   <subfield code="z">Malaysia </subfield>
  </datafield>
  <datafield tag="650" ind1="0" ind2="0">
   <subfield code="a">Conference paper </subfield>
  </datafield>
 </record>
</collection>
